[Event "Bratto op-B 33rd"]
[Site "Bratto"]
[Date "2013.08.22"]
[Round "5"]
[White "Michel, Steve"]
[Black "Peron, Davide"]
[Result "1-0"]
[WhiteElo "1979"]
[BlackElo "1784"]
[PlyCount "65"]
[EventDate "2013.08.18"]
[EventType "swiss"]
[EventRounds "8"]
[EventCountry "ITA"]
[SourceTitle "EXT 2015"]
[Source "ChessBase"]
[SourceDate "2014.11.20"]
[SourceVersion "1"]
[SourceVersionDate "2014.11.20"]
[SourceQuality "1"]

1. d4 Nf6 2. c4 e6 3. Nf3 b6 4. g3 Bb7 5. Bg2 d6 6. 0-0 Be7 7. Re1 0-0 8. Nc3 Nbd7 9. e4 e5 10. d5 a5 11. Rf1 Ba6 12. Qe2 Nc5 13. Ne1 Bc8 14. f4 Bg4 15. Qc2 exf4 16. gxf4 Nfd7 17. h3 Bh5 18. Nf3 Bf6 19. Be3 Re8 20. Nd4 g6 21. Nc6 Qc8 22. Bd4 Kg7 23. Bxf6+ Nxf6 24. e5 Nfd7 25. Rae1 Na6 26. Ne4 Nb4 27. Nxb4 axb4 28. exd6 cxd6 29. b3 f5 30. Qb2+ Kh6 31. Ng5 Qc5+ 32. Kh1 Qa5 33. Nf7# 1-0

[Event "Bratto op-B 33rd"]
[Site "Bratto"]
[Date "2013.08.21"]
[Round "4"]
[White "Drago, Paolo"]
[Black "Michel, Steve"]
[Result "1-0"]
[WhiteElo "1858"]
[BlackElo "1979"]
[PlyCount "69"]
[EventDate "2013.08.18"]
[EventType "swiss"]
[EventRounds "8"]
[EventCountry "ITA"]
[SourceTitle "EXT 2015"]
[Source "ChessBase"]
[SourceDate "2014.11.20"]
[SourceVersion "1"]
[SourceVersionDate "2014.11.20"]
[SourceQuality "1"]

1. d4 Nf6 2. c4 g6 3. Nc3 Bg7 4. e4 d6 5. f3 0-0 6. Be3 c5 7. d5 e6 8. Qd2 exd5 9. cxd5 Na6 10. Bc4 Nc7 11. Nge2 Rb8 12. a4 b6 13. 0-0 a6 14. Ba2 b5 15. e5 dxe5 16. Bxc5 Re8 17. d6 Ne6 18. Bxe6 Bxe6 19. axb5 axb5 20. Ne4 Nd7 21. b4 Rc8 22. Rfc1 Bc4 23. Qe3 f5 24. N4c3 Ra8 25. Kh1 Qf6 26. Rxa8 Rxa8 27. Qd2 Qe6 28. Ng3 Bf8 29. Rd1 Ra6 30. Kg1 Nxc5 31. bxc5 Qd7 32. Nd5 Kf7 33. Nb6 Qd8 34. Nxc4 bxc4 35. Qd5+ 1-0

[Event "Bratto op-B 33rd"]
[Site "Bratto"]
[Date "2013.08.19"]
[Round "2"]
[White "Kravchenko, Oleg"]
[Black "Michel, Steve"]
[Result "0-1"]
[WhiteElo "1805"]
[BlackElo "1979"]
[PlyCount "76"]
[EventDate "2013.08.18"]
[EventType "swiss"]
[EventRounds "8"]
[EventCountry "ITA"]
[SourceTitle "EXT 2015"]
[Source "ChessBase"]
[SourceDate "2014.11.20"]
[SourceVersion "1"]
[SourceVersionDate "2014.11.20"]
[SourceQuality "1"]

1. d4 Nf6 2. c4 g6 3. Nc3 Bg7 4. e4 d6 5. Nf3 0-0 6. Be2 Na6 7. 0-0 e5 8. d5 Nc5 9. Qc2 a5 10. Ne1 Qe7 11. f3 Ne8 12. Be3 f5 13. Nd3 Nxd3 14. Bxd3 f4 15. Bf2 g5 16. Kh1 g4 17. Rfc1 h5 18. a3 h4 19. Bf1 g3 20. Bg1 gxh2 21. Bf2 Bf6 22. b4 Qh7 23. c5 h3 24. cxd6 hxg2+ 25. Bxg2 Rf7 26. dxc7 Rg7 27. Qe2 Bh4 28. Bb6 Nf6 29. Qf1 Kh8 30. Bh3 Bf2 31. Qxf2 Bxh3 32. Ra2 Qh5 33. Nb5 Rag8 34. Nd6 Bg2+ 35. Qxg2 Rxg2 36. Rxg2 Qxf3 37. Rcc2 Ng4 38. Rc1 Nf2+ 0-1

[Event "Prague Holiday K31"]
[Site "Prague"]
[Date "2013.08.03"]
[Round "9"]
[White "Michel, Steve"]
[Black "Taylor, Robert Graham"]
[Result "0-1"]
[WhiteElo "1988"]
[BlackElo "1958"]
[PlyCount "43"]
[EventDate "2013.07.28"]
[EventType "tourn"]
[EventRounds "9"]
[EventCountry "CZE"]
[SourceTitle "EXT 2023"]
[Source "ChessBase"]
[SourceDate "2022.10.05"]
[SourceVersion "1"]
[SourceVersionDate "2022.10.05"]
[SourceQuality "1"]

1. d4 Nf6 2. c4 g6 3. Nc3 Bg7 4. e4 d6 5. Nf3 0-0 6. Be2 e5 7. 0-0 Nc6 8. d5 Ne7 9. Ne1 Nd7 10. Be3 f5 11. f3 f4 12. Bf2 g5 13. Nd3 h5 14. Rc1 Nf6 15. c5 g4 16. cxd6 cxd6 17. Nb5 g3 18. hxg3 fxg3 19. Be3 Nfxd5 20. exd5 Nf5 21. Qd2 Qh4 22. Rfd1 0-1

[Event "Prague Holiday K31"]
[Site "Prague"]
[Date "2013.07.31"]
[Round "6"]
[White "Anaskin, Arsenij"]
[Black "Michel, Steve"]
[Result "1-0"]
[WhiteElo "1920"]
[BlackElo "1988"]
[PlyCount "47"]
[EventDate "2013.07.28"]
[EventType "tourn"]
[EventRounds "9"]
[EventCountry "CZE"]
[SourceTitle "EXT 2023"]
[Source "ChessBase"]
[SourceDate "2022.10.05"]
[SourceVersion "1"]
[SourceVersionDate "2022.10.05"]
[SourceQuality "1"]

1. e4 c5 2. Nf3 d6 3. d4 cxd4 4. Nxd4 Nf6 5. Nc3 a6 6. Be2 e5 7. Nb3 Be6 8. Be3 Nbd7 9. 0-0 Be7 10. f4 exf4 11. Rxf4 0-0 12. Nd4 Rc8 13. Qe1 Ne5 14. Rd1 Nfd7 15. Qg3 Nb6 16. Nxe6 fxe6 17. Rxf8+ Kxf8 18. Qh3 Kg8 19. Qxe6+ Kh8 20. Kh1 Qd7 21. Qb3 Nbc4 22. Bd4 Bg5 23. Nd5 b5 24. Bxe5 1-0

[Event "Prague Holiday K31"]
[Site "Prague"]
[Date "2013.07.30"]
[Round "4"]
[White "Pokorny, Jan1111"]
[Black "Michel, Steve"]
[Result "1/2-1/2"]
[WhiteElo "1893"]
[BlackElo "1988"]
[PlyCount "88"]
[EventDate "2013.07.28"]
[EventType "tourn"]
[EventRounds "9"]
[EventCountry "CZE"]
[SourceTitle "EXT 2023"]
[Source "ChessBase"]
[SourceDate "2022.10.05"]
[SourceVersion "1"]
[SourceVersionDate "2022.10.05"]
[SourceQuality "1"]

1. Nf3 Nf6 2. c4 g6 3. b3 Bg7 4. Bb2 c5 5. g3 0-0 6. Bg2 d5 7. cxd5 Nxd5 8. Bxg7 Kxg7 9. 0-0 Nc6 10. Qc2 Qd6 11. Nc3 Nxc3 12. Qxc3+ f6 13. Rfc1 Nd4 14. Nxd4 cxd4 15. Qc7 Qb4 16. d3 Bg4 17. Bxb7 Rab8 18. Bg2 Rbc8 19. Rc4 Qxc4 20. Qxc4 Rxc4 21. dxc4 Bxe2 22. f3 e5 23. Kf2 Bd3 24. Rd1 Bc2 25. Rd2 Bf5 26. g4 Be6 27. h3 h5 28. gxh5 g5 29. Bf1 a5 30. Kg3 Rh8 31. a3 Rb8 32. Rb2 f5 33. b4 e4 34. f4 Kf6 35. fxg5+ Kxg5 36. h4+ Kxh5 37. Kf4 axb4 38. axb4 Rg8 39. Ke5 Bc8 40. Kxd4 Rg1 41. Bg2 Bb7 42. Ke5 Kg4 43. h5 Rc1 44. c5 Rd1 1/2-1/2

[Event "Haarlem Nova College op-A 12th"]
[Site "Haarlem"]
[Date "2013.06.29"]
[Round "2"]
[White "Lentjes, Noud"]
[Black "Michel, Steve"]
[Result "1-0"]
[WhiteElo "2019"]
[BlackElo "1983"]
[PlyCount "54"]
[EventDate "2013.06.28"]
[EventType "swiss"]
[EventRounds "6"]
[EventCountry "NED"]
[SourceTitle "EXT 2015"]
[Source "ChessBase"]
[SourceDate "2014.11.20"]
[SourceVersion "1"]
[SourceVersionDate "2014.11.20"]
[SourceQuality "1"]

1. e4 e6 2. d4 d5 3. Nc3 Bb4 4. e5 c5 5. a3 Bxc3+ 6. bxc3 Qc7 7. Qg4 Ne7 8. Qxg7 Rg8 9. Qxh7 cxd4 10. Ne2 Nbc6 11. f4 dxc3 12. h4 Bd7 13. h5 0-0-0 14. Qd3 Nf5 15. Rg1 Nh6 16. Rb1 f6 17. Qxc3 fxe5 18. fxe5 Ng4 19. Bf4 Rh8 20. Rh1 Rdg8 21. Nd4 Nd8 22. Qxc7+ Kxc7 23. Be2 Nf7 24. Rh4 Ngh6 25. g4 Ng5 26. c4 Nhf7 27. cxd5 exd5 1-0